000 00711nas a2200241 4500
001 BR6800056
003 BR-BrBNA
005 20231205082246.0
007 ta
008 230509b bl.|||p| |||| 00| 00por d
040 _aBR-BrBNA
_bpor
_cBiblioteca Nacional de Agricultura
041 _a(Pt)
072 _aF00
100 1 _aConill, A.
245 1 _aManeira pratica de contar sacos de arroz na lavoura [Rio Grande do Sul; Brasil]
650 _aProducao vegetal
650 _aArroz
650 _aSaco
650 _aRio Grande do Sul
773 0 _tLavoura Arrozeira (Brazil)
_xISSN 0023-9143
_g(Sep 1968), v. 21(245) p. 43-44
_wBR6800056
909 _a202311
_bLúcia
_c55
_dLúcia Elande
942 _2AGRIS
_n0
_cANA
999 _c90375
_d90375